Million Cities Minefield: Europe Quiz Stats

 Plays Quiz Retired Jul 7, 2021

Support Sporcle.
Go Orange.
Score 0/17 Timer 06:00
4 Plays Today
# Country % Correct
1???
88.2%
2???
88%
4???
85.6%
2???
80.5%
10???
77.8%
2???
74.3%
8???
50%
1???
42.5%
3???
36.7%
# Country % Correct
1???
25.2%
1???
21.6%
1???
20.9%
1???
18.5%
1???
12.5%
1???
11.6%
1???
11.1%
Mine???
6.4%

You're not logged in!

Compare scores with friends on all Sporcle quizzes.
OR
Log In
Forgot?

From the Vault

Hogwarts Heads of House

by peterstapleton1

Who put these people in charge? Oh right, Dumbledore.
Remove Ads.
Support Sporcle.
Get the best of Sporcle when you Go Orange. This ad-free experience offers more features, more stats, and more fun while also helping to support Sporcle. Thank you for becoming a member.

Show Comments

Extras

Top Quizzes Today


Score Distribution

Your Account Isn't Verified!

In order to create a playlist on Sporcle, you need to verify the email address you used during registration. Go to your Sporcle Settings to finish the process.

Report this User

Report this user for behavior that violates our Community Guidelines.

Details: